Water for all: from firm promises to new realism? /

Guardado en:
Bibliografiske detaljer
Hovedforfatter: Hemson, David
Format: Texto
Tags: Tilføj Tag
Ingen Tags, Vær først til at tagge denne postø!

MARC

LEADER 00000 a a2200000 04500
001 43891
003
040
100 |a Hemson, David  
245 |a Water for all:   |b from firm promises to new realism? /  |c David Hemson  
773 |g páginas 13-46 : tablas  
999 |c 27884  |d 27884